| 000 | 00514nam a22001817a 4500 | ||
|---|---|---|---|
| 005 | 20250324125258.0 | ||
| 008 | 250324b |||||||| |||| 00| 0 eng d | ||
| 020 | _a9780135001127 | ||
| 050 |
_aHD2755 _b.5.D35 DAN |
||
| 100 | _aDaniels, John D. | ||
| 245 |
_aInternational business; _benvironments and operations |
||
| 250 | _a12th | ||
| 260 |
_aUpper Saddle River _bPearson Prentice-Hall _cc2009 |
||
| 300 |
_a902p; _bill.; |
||
| 700 | _aRadebaugh, Lee H. | ||
| 700 | _aSullivan, Daniel P. | ||
| 942 |
_2lcc _cBK _n0 |
||
| 999 |
_c5142 _d5142 |
||